000 00620na a2200229 4500
001 14191
003 MIRAKIL
005 20181213154821.0
008 161031b tu 000 0
035 _a14191
040 _aMilas
_btur
_cTR-AnCHP
041 _atur
082 _a819.11
_bM38y 1966
090 _a819.11 M38y 1966
100 _aMevlana Celaleddin Rumi
_d1207-1273
245 _aYeni mesnevi
_cMevlana Celaleddin Rumi; [hazırlayan]: Necla Çarpan
260 _aAnkara
_b[yayl. y.]
_c1966
300 _a2 c.
_bres.
_c20 sm.
650 _aMesnevi edebiyatı
700 _aÇapan, Necla
942 _2ddc
_cBKS
999 _c1373
_d1373